000 00751nam a2200217 i 4500
001 bg
100 1 _aŚWIERCZ, Mirosław
245 1 0 _aZastosowanie sieci neuronowych do modelowania wybranych systemów biomedycznych /
_cMirosław Świercz.
260 _aBiałystok :
_bWydawnictwa PB,
_c1997.
300 _a144 s. :
_brys., wykr. ;
_c23 cm.
490 1 _aRozprawy Naukowe / Politechnika Białostocka,
_x0867-096X ;
_vnr 51
504 _aBibliogr. s. 136-144.
650 9 _aDiagnostyka
_xmetody
650 9 _aSieci neuronowe
_xstosowanie
_xmedycyna
830 0 _aRozprawy Naukowe (Politechnika Białostocka) ;
_vnr 51
040 _cBPK
041 0 _apl
080 _a616-07:004.032.26
942 _cKS
008 s pl f |000 0 pol
999 _c37853
_d37853
856 _uhttp://koha.tu.koszalin.pl/cgi-bin/koha/opac-detail.pl?biblionumber=37853
_yKatalog online BPK